000
00316nam a2200133Ia 4500
008
250520s9999 xx 000 0 und d
020
_a
9783869220673
100
_a
BANSAL, ANUPAM
245
0
_a
ARCHITECTURAL GUIDE
260
_b
DOM PUBLISHERS, GERMANY
_c
2013
300
_a
399
650
_a
General
942
_c
BK
999
_c
220808
_d
220808